000 01595cam a2200433Ia 4500
001 sjdszescon b72905
003 sjds
005 20230625183929.0
008 040624r19981997onca b 000 f eng d
020 _z1550743546 (pbk.)
020 _z9781550743548
040 _aMNL
_cMNL
_dOCLCQ
_dOCL
_dMTU
_dSKYRV
041 _aeng
090 _aBourgeois
090 _aJE Bourgeois
100 1 _aBourgeois, Paulette.
245 1 0 _aFranklin rides a bike /
_cPaulette Bourgeois ; Brenda Clark [illustrator].
246 1 _iAt head of title:
_aWeekly Reader Children's Book Club presents.
250 _a1998 ed.
260 _aToronto :
_bKids Can Press,
_c1998, c1997.
300 _a1 volume (unpaged) :
_billustrations ;
_c24 cm.
336 _atext
_2rdacontent.
337 _aunmediated
_2rdamedia.
338 _avolume
_2rdacarrier.
500 _a"Weekly Reader Books"--P. [4] of cover.
500 _aPreviously published: Toronto: Kids Can Press, 1997.
520 _aDetermined to ride his bike without training wheels, Franklin cannot understand why it seems so easy for his friends - and why it is so hard for him."
521 0 _a2.
521 1 _a3-7.
650 0 _aFranklin (Fictitious character : Bourgeois)
_vJuvenile fiction.
650 0 _aTraining wheels
_vJuvenile fiction.
650 0 _aCycling
_vJuvenile fiction.
650 0 _aPersistence
_vJuvenile fiction.
650 0 _aFrustration
_vJuvenile fiction.
650 0 _aPerseverance (Ethics)
_vJuvenile fiction.
655 0 _aPicture books for children.
700 1 _aClark, Brenda,
_eillustrator.
942 _cBK
999 _c28215
_d28215